Transactions of the National Institute of Science of India (Record no. 53104)
[ view plain ]
| 000 -LEADER | |
|---|---|
| fixed length control field | 00482nam a22001337a 4500 |
| 008 - FIXED-LENGTH DATA ELEMENTS--GENERAL INFORMATION | |
| fixed length control field | 230718b |||||||| |||| 00| 0 eng d |
| 040 ## - CATALOGING SOURCE | |
| Original cataloging agency | National Science Library |
| Transcribing agency | National Science Library |
| 100 1# - MAIN ENTRY--PERSONAL NAME | |
| Personal name | West, W D |
| 9 (RLIN) | 12733 |
| 245 ## - TITLE STATEMENT | |
| Title | Transactions of the National Institute of Science of India |
| 260 ## - PUBLICATION, DISTRIBUTION, ETC. | |
| Place of publication, distribution, etc. | New Delhi: |
| Name of publisher, distributor, etc. | National Institute of Sciences of India, |
| 300 ## - PHYSICAL DESCRIPTION | |
| Extent | 56p. |
| 500 ## - GENERAL NOTE | |
| General note | Vol. IV, No. 1 pp. 1-56 (one map and three plates)<br/>Issued 1-9-58 |
| 942 ## - ADDED ENTRY ELEMENTS (KOHA) | |
| Source of classification or shelving scheme | Universal Decimal Classification |
| Koha item type | Reference |
| Withdrawn status | Lost status | Source of classification or shelving scheme | Damaged status | Not for loan | Home library | Current library | Shelving location | Date acquired | Total Checkouts | Barcode | Date last seen | Price effective from | Koha item type |
|---|---|---|---|---|---|---|---|---|---|---|---|---|---|
| Universal Decimal Classification | National Science Library | National Science Library | GF/Rk-8/C-10/R-2 | 18/07/2023 | 50440 | 18/07/2023 | 18/07/2023 | Reference |